GTA San Andreas neighborhoods - Statistics

General Stats
  • This quiz has been taken 385 times
  • The average score is 37 of 148
Answer Stats
Hint Answer % Correct
Los Santos Ganton
82%
Los Santos Vinewood
58%
Los Santos East Los Santos
57%
Los Santos | San Fierro Downtown
56%
Los Santos Market
54%
Los Santos Santa Maria Beach
54%
Los Santos Glen Park
53%
San Fierro Doherty
51%
Los Santos Rodeo
51%
Los Santos Mulholland
50%
Los Santos Verona Beach
50%
Whetstone Angel Pine
48%
Los Santos El Corona
48%
Los Santos Ocean Docks
47%
Los Santos Commerce
46%
Los Santos Jefferson
46%
Los Santos Willowfield
46%
Los Santos Richman
45%
Los Santos Temple
45%
Red County Blueberry
44%
Los Santos Los Santos International Airport
43%
Red County Montgomery
42%
Red County Dillimore
41%
Los Santos East Beach
41%
Los Santos Marina
41%
Las Ventuars The Strip
41%
Los Santos Los Flores
40%
Red County Palomino Creek
40%
Los Santos Las Colinas
38%
Los Santos Playa del Seville
38%
Los Santos Verdant Bluffs
38%
Los Santos Little Mexico
37%
Los Santos Mulholland Intersection
37%
San Fierro Chinatown
36%
Los Santos Pershing Square
35%
Los Santos Unity Station
35%
Tierra Robada Bayside
34%
San Fierro Easter Basin
34%
San Fierro Queens
34%
San Fierro Garcia
32%
Bone County Area 69
31%
San Fierro Easter Bay Airport
31%
San Fierro King's
31%
Whetstone Mount Chiliad
31%
Bone County Fort Carson
30%
Los Santos Conference Center
28%
Tierra Robada El Quebrados
27%
San Fierro Hashbury
27%
San Fierro Avispa Country Club
26%
Flint County Back o Beyond
26%
Los Santos | San Fierro City Hall
25%
San Fierro Financial
25%
Bone County Las Brujas
25%
Red County The Panopticon
25%
San Fierro Juniper Hill
24%
Las Ventuars Las Venturas Airport
24%
San Fierro Ocean Flats
24%
San Fierro Palisades
24%
Las Ventuars Prickle Pine
24%
Las Ventuars The Four Dragons Casino
24%
San Fierro Juniper Hollow
23%
Tierra Robada Las Barrancas
23%
San Fierro Paradiso
23%
San Fierro Battery Point
22%
Red County Blueberry Acres
22%
San Fierro Missionary Hill
22%
Las Ventuars Redsands East
21%
San Fierro Cranberry Station
20%
Las Ventuars Creek
20%
Las Ventuars Old Venturas Strip
20%
Las Ventuars Redsands West
20%
Tierra Robada Aldea Malvada
19%
Tierra Robada Bayside Marina
19%
Las Ventuars Blackfield
19%
Las Ventuars Caligula's Palace
19%
Las Ventuars Come-A-Lot
19%
San Fierro Easter Bay Chemicals
19%
San Fierro Esplanade East
19%
San Fierro Esplanade North
19%
San Fierro Foster Valley
19%
Bone County Las Payasadas
19%
Las Ventuars Pirates in Men's Pants
19%
Las Ventuars Rockshore East
19%
Las Ventuars Rockshore West
19%
Whetstone Shady Creeks
19%
Bone County The Big Ear
19%
Las Ventuars The Camel's Toe
19%
Bone County El Castillo del Diablo
18%
Red County Fern Ridge
18%
Red County Hanky Panky Point
18%
Las Ventuars The Clown's Pocket
18%
Flint County The Farm
18%
San Fierro Calton Heights
17%
Bone County Octane Springs
17%
Bone County | Tierra Robada Sherman Dam
17%
Las Ventuars The Emerald Isle
17%
Las Ventuars Whitewood Estates
17%
San Fierro Easter Tunnel
16%
Flint County Fallen Tree
16%
Flint County Flint Intersection
16%
Red County Hilltop Farm
16%
Bone County Hunter Quarry
16%
Bone County Lil' Probe'Inn
16%
San Fierro Santa Flora
16%
Las Ventuars Spinybed
16%
Tierra Robada Arco del Oeste
15%
Flint County Flint Range
15%
Las Ventuars Linden Station
15%
Red County Montgomery Intersection
15%
Whetstone Shady Cabin
15%
Tierra Robada Bayside Tunnel
14%
Las Venturas Greenglass College
14%
Las Ventuars LVA Freight Depot
14%
Las Ventuars Roca Escalante
14%
Las Ventuars Yellow Bell Station
14%
Las Ventuars Blackfield Chapel
13%
Red County Fisher's Lagoon
13%
Red County Hampton Barns
13%
Bone County Regular Tom
13%
Flint County Beacon Hill
12%
Flint County Flint Water
12%
Bone County | Tierra Robada Sherman Reservoir
12%
Las Ventuars Starfish Casino
12%
Las Ventuars Blackfield Intersection
11%
Las Ventuars Pilgrim
11%
Las Ventuars Pilson Intersection
11%
Red County/Las Venturas San Andreas Sound
11%
San Fierro San Fierro Bay
11%
Las Ventuars The Visage
11%
Bone County Green Palms
10%
Las Ventuars Last Dime Motel
10%
Las Ventuars Linden Side
10%
Tierra Robada Robada Intersection
10%
Las Ventuars The Pink Swan
10%
Las Ventuars Royal Casino
9%
Las Ventuars K.A.C.C. Military Aviation Fuel Depot
8%
Las Ventuars Randolph Industrial Estate
8%
Las Ventuars Sobell Rail Yards
8%
Las Ventuars The High Roller
8%
Tierra Robada Valle Ocultado
8%
Bone County Verdant Meadows Airfield
8%
Las Ventuars Yellow Bell Golf Course
8%
Red County North Rock (Northstar Rock)
5%
Whetstone West Fork Creek
5%
No matching quizzes found
Score Distribution
Percent of People with Each Score
Percentile by Number Answered
Your Score History
You have not taken this quiz